<?xml version="1.0" encoding="UTF-8"?><?xml-stylesheet type="text/xsl" href="static/style.xsl"?><OAI-PMH xmlns="http://www.openarchives.org/OAI/2.0/" xmlns:xsi="http://www.w3.org/2001/XMLSchema-instance" xsi:schemaLocation="http://www.openarchives.org/OAI/2.0/ http://www.openarchives.org/OAI/2.0/OAI-PMH.xsd"><responseDate>2026-06-07T09:40:45Z</responseDate><request verb="GetRecord" identifier="oai:docta.ucm.es:20.500.14352/137117" metadataPrefix="marc">https://docta.ucm.es/rest/oai/request</request><GetRecord><record><header><identifier>oai:docta.ucm.es:20.500.14352/137117</identifier><datestamp>2026-06-02T23:50:13Z</datestamp><setSpec>com_20.500.14352_14</setSpec><setSpec>col_20.500.14352_22</setSpec></header><metadata><record xmlns="http://www.loc.gov/MARC21/slim" xmlns:dcterms="http://purl.org/dc/terms/" xmlns:xsi="http://www.w3.org/2001/XMLSchema-instance" xmlns:doc="http://www.lyncode.com/xoai" xsi:schemaLocation="http://www.loc.gov/MARC21/slim http://www.loc.gov/standards/marcxml/schema/MARC21slim.xsd">
   <leader>00925njm 22002777a 4500</leader>
   <datafield ind2=" " ind1=" " tag="042">
      <subfield code="a">dc</subfield>
   </datafield>
   <datafield ind2=" " ind1=" " tag="720">
      <subfield code="a">García Sanz, Almudena María</subfield>
      <subfield code="e">author</subfield>
   </datafield>
   <datafield ind2=" " ind1=" " tag="260">
      <subfield code="c">2026-06-01</subfield>
   </datafield>
   <datafield ind2=" " ind1=" " tag="520">
      <subfield code="a">The thesis Essays on the Financial Materiality of ESG, Gender Diversity, and Biodiversity Risk comprises three essays that address pressing questions at the intersection of sustainable finance and corporate risk management. The overall aim of this research is to provide empirical evidence on how environmental, social, and governance (ESG) factors, gender diversity, and biodiversity-related risks influence corporate risk exposure, thereby contributing to the literature on sustainable finance and informing regulatory and managerial practices...</subfield>
   </datafield>
   <datafield ind2=" " ind1=" " tag="520">
      <subfield code="a">La tesis “Ensayos sobre la Materialidad Financiera del ESG, la Diversidad de Género y el Riesgo de Biodiversidad” comprende tres ensayos que abordan cuestiones clave en la intersección entre las finanzas sostenibles y la gestión del riesgo corporativo. El objetivo general de esta investigación es proporcionar evidencia empírica sobre cómo los factores ambientales, sociales y de gobernanza (ESG por sus siglas en inglés), la diversidad de género y los riesgos relacionados con la biodiversidad influyen en la exposición al riesgo corporativo, contribuyendo así a la literatura sobre finanzas sostenibles y ofreciendo implicaciones tanto para la regulación como para la gestión empresarial...</subfield>
   </datafield>
   <datafield ind1="8" ind2=" " tag="024">
      <subfield code="a">https://hdl.handle.net/20.500.14352/137117</subfield>
   </datafield>
   <datafield ind2="0" ind1="0" tag="245">
      <subfield code="a">Essays on the financial materiality of ESG, gender diversity, and biodiversity risk</subfield>
   </datafield>
   <datafield ind2="0" ind1="0" tag="245">
      <subfield code="a">Ensayos sobre la materialidad financiera del ESG, la diversidad de género y el riesgo de biodiversidad</subfield>
   </datafield>
</record></metadata></record></GetRecord></OAI-PMH>